000 00550nam a2200145Ia 4500
008 231129s2001||||xx |||||||||||||| ||spa||
020 _a958-96213-6-8
040 _bspa
082 _a986.104 M533g
100 _aMemorias de la II Cátedra Anual de Historia "Ernesto Restrepo Tirado": (22 23 y 24 de Octubre de 1997: Museo Nacional de Colombia Bogotá)
245 0 _aLas guerras civiles desde 1830 y su proyección en el siglo XX
260 _c2001
264 _aMuseo Nacional de Colombia
942 _2ddc
_cBKS
999 _c18752
_d18752